000 00692cam a2200217 a 4500
001 2601022
005 20250521134846.0
008 980210s1998 txua b 001 0 eng
020 _a0030244749
050 0 0 _aHB172
_b.N49 1998
082 0 0 _a338.5
_221
100 1 _aNicholson, Walter.
245 1 0 _aMicroeconomic theory :
_bbasic principles and extensions /
_cWalter Nicholson.
250 _a7th ed.
260 _aFort Worth :
_bDryden Press,
_cc1998.
300 _axxiii, 821 p. :
_bill. ;
_c25 cm.
440 4 _aThe Dryden Press series in economics
650 0 _aMicroeconomics.
856 7 _3Table of contents
_uhttp://lcweb.loc.gov/catdir/toc/97-67941.html
_2http
942 _2lcc
_cBK
_n0
999 _c5898
_d5898